00446nam a2200121Ia 4500003000900000008004100009040003300050041000800083080001100091245014700102260004000249300003500289LK-CoDNM010623t1746 xxu||||| |||| 00| 1 eng d aLK-CoDNMdLK-CoDNMeLK-CoDNM aeng a10 Z 7 aA Complete Collection of State-Trials and Proceedings upon high-Treason : And other Crimes and Misdemeanours from the Reighn of King Edward VI bC.Bathurst and othersaLondonc1746 bvi,652p., 35 260: Second cm